000 01079cam a22003135i 4500
001 3856186
003 EG-ScBUE
005 20250526090059.0
008 880623s1989 nyua f 001 0 eng d
020 _a0071004882
020 _a9780071004886
040 _aEG-ScBUE
_beng
_erda
_cEG-ScBUE
_dEG-ScBUE
082 0 4 _a530.141
_bHAY
_222
100 1 _aHayt, William Hart,
_d1920-
_99162
_eauthor.
245 1 0 _aEngineering electromagnetics /
_cWilliam H. Hayt, Jr., professor of electrical engineering, Emeritus Purdue University.
250 _aFifth edition.
250 _aInternational edition.
264 1 _aNew York :
_bMcGraw-Hill Book Company,
_c1989.
300 _axiii, 472 pages :
_billustrations (some color) ;
_c25 cm.
336 _2rdacontent
_atext
_btxt
337 _aunmediated
_2rdamedia
_bn
338 _avolume
_bnc
_2rdacarrier
490 0 _aMcGraw-Hill series in electrical engineering
500 _aIncludes index.
500 _aIncludes Appendices.
650 7 _aElectromagnetic theory.
_917057
_2BUEsh
655 _vReading book
942 _2ddc
_cBB
999 _c14605
_d14605